Statistics for Countries That Have Kings

Click here to take the quiz!

General Stats

  • This quiz has been taken 34 times
  • The average score is 8 of 15

Answer Stats

Country% Correct
Sweden
94%
Norway
79%
Netherlands
79%
Belgium
76%
Saudi Arabia
73%
Spain
73%
Swaziland
48%
Jordan
45%
Thailand
45%
Lesotho
39%
Morocco
36%
Bahrain
33%
Tonga
30%
Bhutan
27%
Cambodia
9%

Score Distribution

Percentile by Number Answered

Percent of People with Each Score

Your Score History

You have not taken this quiz